Statistics for Memphis Grizzlies 40 Point Games

Click here to take the quiz!

General Stats

  • This quiz has been taken 204 times
    (6 since last reset)
  • The average score is 8 of 14

Answer Stats

PlayerMax#% Correct
GG Jackson II441
100%
Jaren Jackson Jr.445
100%
Marc Gasol421
100%
Mike Conley401
100%
Pau Gasol442
100%
Desmond Bane491
83%
Ja Morant528
83%
Bryant Reeves411
33%
Kenneth Lofton Jr.421
33%
Mike Miller452
33%
Rudy Gay411
33%
Michael Dickerson401
17%
O.J. Mayo401
17%
Anthony Peeler401
0%

Score Distribution

Percentile by Number Answered

Percent of People with Each Score

Your Score History

You have not taken this quiz since the last reset